000 00496nam a22001937a 4500
003 MPLRDC
005 20220104114356.0
008 210129b ||||| |||| 00| 0 eng d
020 _a962-17-0392-1
082 _a857.62 RBTL-2 v.3
100 _a赤川次郎
245 _a三色猫怪谈
_c叶蕙译
250 _a第七版
260 _a
_b博益出版集团有限公司
_c1991
300 _b
490 _a日本推理小说. 3
650 _a推理小说
942 _cBK
_o857.62 RBTL-2 v.3
999 _c7000
_d6990